000 003490000a22001570004500
001 000156
003 MACL
040 _aMACL
090 _c156
_d156
100 _aRoy, Navkala
245 _aHow It work
_bTelevision
_cNavkala Roy
260 _aA CBT Publications,
_c1987
350 _a12
650 _aSocial Science, Television
942 _k385
_cBook
999 _c49463
_d49463